000 00390nam a2200145Ia 4500
008 231129s2017||||xx |||||||||||||| ||spa||
020 _aISBN 13: 978-958-4
040 _bspa
082 _a863 B658b
100 _aBlue Jeans seudónimo
245 0 _aBuenos dí­as princesa!
260 _c2017
264 _aBogotá Colombia : Planeta
942 _2ddc
_cBKS
999 _c6376
_d6376